Buldānīyat Filasṭīn al-ʻArabīyah /
Main Author:
Other Authors: ,
Format: Book
Language:
Arabic
French
Published:
Bayrūt, Lubnān :
Maṭbaʻat Jān Dārak,
1948.
Subjects:
Tags: Add Tag
Call Number: DS124 .B85 1948
| LEADER | 01473nam a2200301Ia 4500 | ||
|---|---|---|---|
| 003 | OSt | ||
| 005 | 20230411081657.0 | ||
| 008 | 130303s1948 le 000 0 ara d | ||
| 952 | |0 0 |1 0 |2 lcc |4 0 |6 DS0124 B85 01948 |7 1 |9 45973 |a ARCE |b ARCE |d 2023-04-11 |l 0 |o DS124 .B85 1948 |p 1026555 |r 2023-04-11 00:00:00 |w 2023-04-11 |y BK | ||
| 999 | |c 26644 |d 26644 | ||
| 040 | |c ARCE Library | ||
| 041 | 1 | |a ara |h fre | |
| 043 | |a awba--- |a awgz--- | ||
| 050 | 4 | |a DS124 .B85 1948 | |
| 100 | 1 | |a Marmarjī, A. S., |d 1887- | |
| 130 | 0 | |a Textes géographiques arabes sur la Palestine. |l Arabic | |
| 245 | 1 | 0 | |6 880-02 |a Buldānīyat Filasṭīn al-ʻArabīyah / |c jamaʻa nuṣūṣahā wa-abjadahā wa-tarjamahā ilá al-Faransīyah A.S. Marmarjī al-Dūminikī. |
| 264 | 1 | |a Bayrūt, Lubnān : |b Maṭbaʻat Jān Dārak, |c 1948. | |
| 300 | |a 303 pages ; |c 24 cm. | ||
| 500 | |a French translation of these texts also published under title: Textes géographiques arabes sur la Palestine. | ||
| 650 | 0 | |a Cities and towns |z Palestine |x History. | |
| 650 | 0 | |a Villages |z Palestine |x History. | |
| 651 | 0 | |a Palestine |x Historical geography. | |
| 700 | 1 | |a Bāshā, Muḥammad Khalīl. | |
| 700 | 1 | |a Ibn Khurradādhbih, ʻUbayd Allāh ibn ʻAbd Allāh, |d approximately 820-approximately 912. | |
| 880 | 1 | 0 | |6 245-02/(3/r |a بلدانية فلسطين العربية |c جمع نصوصها و أبجدها و ترجمها إلى الفرنسية أ. س. مرمرجي الدومنكي. |
| 901 | |a reviewed | ||
| 942 | |c BK |2 lcc | ||
